000 00745nam a22002297a 4500
003 UA-OsUOA
001 125310
007 ta
008 20170913b un ||||| |||| 00| 0 ukr d
090 _a821.161.1
_bС56
942 _cBK
040 _aUA-OsUOA
_brus
_cUA-OsUOA
_dUA-OsUOA
245 _aСоветская фантастика 50 - 70-х годов
_bповести и рассказы
_cредкол.: А. Казанцев, Ю. Грибов и др.
300 _a559 с.
955 _a3
041 _arus
080 _a821.161.1
020 _a5-280-00209-7
260 _aМ.
_bХудожественная литература
_c1988
650 7 _a82 Література. Літературознавство
_2UDC
999 _c412540
_d412540